X vs. Y a culture war, a love story
Seen through the eyes of siblings 14 years apart in age, X vs. Y is a smart, funny, stylish, and visually driven anthology that compiles and compares their two generational cultures. It's a story told through lists, infographics, essays, anecdotes, and images, with chapters devoted to fashion,...
محفوظ في:
| المؤلف الرئيسي: | |
|---|---|
| مؤلفون آخرون: | , |
| التنسيق: | كتاب |
| اللغة: | English |
| منشور في: |
New York
Abrams Image
2014.
|
| الموضوعات: | |
| الوسوم: |
إضافة وسم
لا توجد وسوم, كن أول من يضع وسما على هذه التسجيلة!
|
| Thư viện lưu trữ: | Mạng thư viện Đại học Đà Nẵng |
|---|
| LEADER | 01935nam a2200385 4500 | ||
|---|---|---|---|
| 001 | 000024617 | ||
| 003 | 21105 | ||
| 005 | 20161215111215.0 | ||
| 008 | 161215s2014 engsd | ||
| 020 | |a 1419707701 (pbk.) |a 9781419707704 (pbk.) | ||
| 041 | 0 | |a eng | |
| 082 | 0 | 4 | |a 305.20973 |b EP-E |
| 100 | 1 | |a Epstein, Eve |q (Laura Ann) | |
| 245 | 1 | 0 | |a X vs. Y |b a culture war, a love story |c Eve Epstein and Leonora Epstein. |
| 246 | 3 | |a X versus Y | |
| 260 | |a New York |b Abrams Image |c 2014. | ||
| 300 | |a 191 p. |b Ill., (some color) |c 21 cm. | ||
| 520 | 3 | |a Seen through the eyes of siblings 14 years apart in age, X vs. Y is a smart, funny, stylish, and visually driven anthology that compiles and compares their two generational cultures. It's a story told through lists, infographics, essays, anecdotes, and images, with chapters devoted to fashion, TV, music, technology, dating, books, and movies. Through musings on topics such as leg warmers, Clueless, Sassy magazine, and MTV, along with mixtapes and TV characters, X vs. Y paints a portrait of two intricately entwined generations. | |
| 650 | 0 | |a Youth |v Miscellanea |z United States | |
| 650 | 0 | |a Generation |v Miscellanea |z United States | |
| 650 | 0 | |a Conflict of generations |v Miscellanea |z United States | |
| 650 | 0 | |a Popular culture |v Miscellanea |y 20th century |z United States | |
| 650 | 0 | |a Sisters |v Biography |v Miscellanea |z United States | |
| 700 | 1 | |a Epstein, Leonora |d 1974- |d 1978- |d 1906-1998. | |
| 700 | 1 | |d 1954- | |
| OWN | |a LSP | ||
| AVA | |a UDN50 |b LSP |d 305.20973 EP-E |e available |t Error 5001 Not defined in file expand_doc_bib_avail. |f 2 |g 0 |h N |i 0 |k 1 | ||
| 999 | |a From the UDN01 | ||
| AVA | |a UDN50 |b LSP |d 305.20973 EP-E |e available |t Error 5001 Not defined in file expand_doc_bib_avail. |f 2 |g 0 |h N |i 0 |k 1 | ||
| TYP | |a Monograph | ||
| TYP | |a Printed language | ||
| 980 | |a Mạng thư viện Đại học Đà Nẵng | ||


